[Event "Olympiad Women 2024"]
[Site "Budapest HUN"]
[Date "2024.09.15"]
[Round "5.40"]
[Board "1"]
[White "Sakai, Azumi"]
[Black "Varela La Madrid, Tilsia Carolina"]
[Result "0-1"]
[WhiteElo "1871"]
[BlackElo "2017"]
[PlyCount "112"]
[EventDate "2024.09.11"]
[WhiteTeam "Japan"]
[BlackTeam "Venezuela"]
[WhiteTeamCountry "JPN"]
[BlackTeamCountry "VEN"]

1. d4 d5 2. c4 e6 3. Nc3 Nf6 4. cxd5 exd5 5. Bg5 Be7 6. e3 c6 7. Bd3 h6 8. Bh4 O-O 9. Qc2 Re8 10. Nf3 Nbd7 11. O-O Ne4 12. Bxe7 Qxe7 13. b4 a6 14. a4 Ndf6 15. b5 c5 ({RR} 15... axb5 16. axb5 Rxa1 17. Rxa1 c5 18. dxc5 Nxc5 19. Bf1 Be6 20. Nd4 Rc8 21. Qb2 Nfe4 22. Rc1 Nxc3 23. Rxc3 Bd7 24. h3 Qd6 25. Be2 Ra8 26. Rc1 Na4 27. Qd2 Nb6 28. Bd3 g6 29. Bf1 Rd8 30. Rc2 {½-½ Esipenko,A (2682)-Aleksandrov,A (2608) Cheliabinsk Kurnosov Memorial rapid 2020 (10)}) ({RR} 15... axb5 16. axb5 Rxa1 17. Rxa1 c5 18. dxc5 Nxc5 19. h3 Be6 20. Bf1 Rc8 21. Qb2 Bd7 22. Nd4 Qe5 23. Rd1 Nce4 24. Rc1 Nc5 25. Rc2 Qg5 26. Qb4 Bxh3 27. Na4 Nce4 28. Rxc8+ Bxc8 29. Qe1 Qh4 30. g3 {0-1 Sonis,F (2570)-Esipenko,A (2704) Titled Tue 27th Feb Early 2024 (9)}) ({RR} 15... axb5 16. axb5 Rxa1 17. Rxa1 c5 18. dxc5 Nxc5 19. Be2 b6 20. Nd4 Nce4 21. Bf3 Bd7 22. Nce2 Rc8 23. Qb2 Nc5 24. Nf4 Nce4 25. h3 Qe8 26. Ra6 Rb8 27. Ra1 Rc8 28. Rd1 Nc3 29. Rc1 Nce4 30. Rb1 {0-1 Sakai,A (1731)-Qin,N (1629) Online Olym Div3 A rapid 2020 (6.2)}) 16. dxc5 $146 ({RR} 16. bxa6 bxa6 17. dxc5 Nxc5 18. Rfd1 Nce4 19. Nxd5 Nxd5 20. Bxe4 Nxe3 21. Bh7+ Kh8 22. fxe3 Qxe3+ 23. Kh1 g6 24. Re1 Bf5 25. Qc6 {1-0 Lahlum,H (2220)-Wicklund Hansen,R (2025) Troll Masters 1996 (1)}) 16... Nxc5 17. Rfc1 Nce4 18. Nd4 Bd7 19. Qa2 axb5 20. Bxb5 Bxb5 21. Ncxb5 Rec8 22. h3 Rxc1+ 23. Rxc1 Qb4 24. Qc2 Qxa4 25. Qxa4 Rxa4 26. Rc8+ Kh7 27. f3 Ra1+ 28. Kh2 Nd2 29. Kg3 Ra2 30. Rc2 Rxc2 31. Nxc2 Nc4 32. Kf4 Nh5+ 33. Kg4 g6 34. f4 Nd2 35. Nd6 f5+ 36. Kh4 Nf6 37. g4 Nde4 38. Nxe4 dxe4 39. Nd4 fxg4 40. hxg4 Nd5 41. Nb5 Nxe3 42. Nd6 Nd5 43. f5 gxf5 44. Nxf5 e3 45. Kg3 e2 46. Kf2 Nc3 47. Nd4 Kg6 48. Nf3 b5 49. Ke3 b4 50. Kd3 Kf6 51. Kd2 Ke6 52. Kc2 Kd5 53. Kb3 Ke4 54. Ne1 Nd5 55. Kc4 Nf4 56. Kxb4 Nd3+ 0-1

[Event "Olympiad Women 2024"]
[Site "Budapest HUN"]
[Date "2024.09.15"]
[Round "5.40"]
[Board "2"]
[White "Rovira Contreras, Tairu Manuela"]
[Black "Shibata, Misaki"]
[Result "1-0"]
[WhiteElo "2022"]
[BlackElo "1847"]
[PlyCount "97"]
[EventDate "2024.09.11"]
[WhiteTeam "Venezuela"]
[BlackTeam "Japan"]
[WhiteTeamCountry "VEN"]
[BlackTeamCountry "JPN"]

1. d4 e6 2. c4 Nf6 3. Nf3 d5 4. Nc3 c5 5. cxd5 Nxd5 6. e4 Nxc3 7. bxc3 cxd4 8. cxd4 Bb4+ 9. Bd2 Bxd2+ 10. Qxd2 O-O 11. Be2 Nd7 12. Rd1 Nf6 13. Bd3 b6 14. O-O Bb7 15. Rfe1 Rc8 16. Bb1 Qc7 17. Qg5 h6 18. Qh4 Rfd8 $146 ({RR} 18... Qd8 19. Re3 Nh7 20. Qg3 Ng5 21. Nxg5 Qxg5 22. Qxg5 hxg5 23. f3 Rfd8 24. Ra3 Rc4 25. Rxa7 Rcxd4 26. Rxd4 Rxd4 27. Rxb7 Rd1+ 28. Kf2 Rxb1 29. a4 Ra1 30. Rxb6 Rxa4 31. Kg3 Kh7 {½-½ Del Amo Carbo,J (2126)-Sanchez Aguilar,A (1827) Barcelona Canovelles op 2020 (7)}) 19. h3 b5 20. Re3 Qb6 21. Qf4 Qc7 22. Ne5 Qe7 23. Rb3 a6 24. Qh4 Rc7 25. Qf4 Nh5 26. Qe3 Nf6 27. Qe2 Rdc8 28. Re3 b4 29. Nd3 a5 30. Nc5 Ra8 31. Qd3 Qd8 32. Ree1 Qc8 33. e5 Ne8 34. Qh7+ Kf8 35. Be4 Bxe4 36. Qxe4 a4 37. Rb1 Qb8 38. Qf4 Qb6 39. Qd2 Qa5 40. Qxb4 Qxb4 41. Rxb4 a3 42. Reb1 Rd8 43. Ra4 Rcc8 44. Rb3 Nc7 45. Nb7 Rd7 46. Nd6 Rcd8 47. Rb7 Nd5 48. Rxd7 Rxd7 49. Ra8+ 1-0

[Event "Olympiad Women 2024"]
[Site "Budapest HUN"]
[Date "2024.09.15"]
[Round "5.40"]
[Board "3"]
[White "Kinoshita, Kanako"]
[Black "Otazo Sanchez, Annyd Gabriela"]
[Result "1/2-1/2"]
[WhiteElo "1822"]
[BlackElo "1976"]
[PlyCount "136"]
[EventDate "2024.09.11"]
[WhiteTeam "Japan"]
[BlackTeam "Venezuela"]
[WhiteTeamCountry "JPN"]
[BlackTeamCountry "VEN"]

1. e4 e5 2. Nf3 Nf6 3. Nxe5 d6 4. Nf3 Nxe4 5. Nc3 Nxc3 6. dxc3 Be7 7. Be3 O-O 8. Qd2 Nd7 9. O-O-O c6 10. Bd3 ({RR} 10. h4 d5 11. Kb1 Re8 12. Bd3 Bc5 13. Rde1 Bxe3 14. Rxe3 Rxe3 15. Qxe3 Nf6 16. Re1 Qd6 17. Qe8+ Qf8 18. Qxf8+ Kxf8 19. Kc1 Bd7 20. c4 dxc4 21. Bxc4 Re8 22. Rxe8+ Bxe8 23. Kd2 Ke7 24. Ne5 Nd7 {½-½ Aronian,L (2780)-Caruana,F (2827) Olympiad-43 Batumi 2018 (10.1)}) 10... d5 11. Kb1 ({RR} 11. h4 Nc5 12. Bxc5 Bxc5 13. Ng5 h6 14. Nh7 Re8 15. g4 Bxg4 16. Rdg1 h5 17. Ng5 Qf6 18. Rg2 Bd6 19. Kb1 Bf4 20. Bh7+ Kh8 21. Qd3 Bxg5 22. hxg5 Qe6 23. b3 Be2 24. Bf5 Qe5 25. Qh3 g6 {0-1 Ferrufino,M (1811)-Otazo Sanchez,A (1932) Olympiad Women-44 2022 (7.2)}) 11... Nc5 12. Rde1 $146 ({RR} 12. Bxc5 Bxc5 13. Rde1 b5 14. h4 Qd6 15. g4 b4 16. cxb4 Bxb4 17. c3 Ba5 18. Bc2 Rb8 19. Ne5 Qc5 20. Ka1 d4 21. Qd3 g6 22. b4 Rxb4 23. cxb4 Bxb4 24. Bb3 Bc3+ 25. Kb1 Qa3 26. Nc4 Qb4 {1-0 Omonova,U (2102)-Otazo,A (1976) BRICS Games Blitz Women 2024 (6.5)}) ({RR} 12. h4 Nxd3 13. Qxd3 Qd6 14. c4 Rd8 15. cxd5 Qxd5 16. Qxd5 cxd5 17. Nd4 Bd7 18. Nb3 Bf5 19. Nd4 Bd7 20. Nb3 Bf5 21. Nd4 {½-½ Aronian,L (2765)-Caruana,F (2832) London Classic 10th 2018 (2.2)}) 12... Nxd3 13. Qxd3 Bf6 14. h4 h6 15. Ng5 g6 16. Nh3 Bf5 17. Qd2 h5 18. Bd4 Kg7 19. f3 Bxh3 20. Rxh3 Bxd4 21. cxd4 Qf6 22. g4 Rh8 23. g5 Qf5 24. Qh2 Rhe8 25. Rxe8 Rxe8 26. b4 Re3 27. Kb2 Qe6 28. Qf4 Re2 29. Rh2 Re1 30. Rf2 Qf5 31. Qd2 Rh1 32. Rh2 Qxf3 33. Rxh1 Qxh1 34. Qf4 Qe4 35. Qf2 Qe7 36. Kb3 f6 37. Qf4 fxg5 38. hxg5 b6 39. a4 a5 40. c3 Qf7 41. Qe5+ Kh7 42. Qd6 Qb7 43. b5 cxb5 44. axb5 Qc8 45. Qc6 Qd8 46. Qe6 Kg7 47. Qe5+ Kg8 48. Qe6+ Kg7 49. c4 dxc4+ 50. Qxc4 Qxg5 51. Qc7+ Kh6 52. Qxb6 Qe3+ 53. Kc4 Qe2+ 54. Kc5 Qc2+ 55. Kd6 a4 56. d5 Qh2+ 57. Kc6 Qc2+ 58. Kb7 a3 59. Qe3+ g5 60. Qxa3 h4 61. Qe7 Qh7 62. d6 h3 63. Qxh7+ Kxh7 64. d7 h2 65. d8=Q h1=Q+ 66. Kb8 Qh2+ 67. Qc7+ Qxc7+ 68. Kxc7 g4 1/2-1/2

[Event "Olympiad Women 2024"]
[Site "Budapest HUN"]
[Date "2024.09.15"]
[Round "5.40"]
[Board "4"]
[White "Perez Hernandez, Vicmary C."]
[Black "Takayasu, Melody"]
[Result "1-0"]
[WhiteElo "1960"]
[BlackElo "1768"]
[PlyCount "97"]
[EventDate "2024.09.11"]
[WhiteTeam "Venezuela"]
[BlackTeam "Japan"]
[WhiteTeamCountry "VEN"]
[BlackTeamCountry "JPN"]

1. e4 c5 2. Nf3 d6 3. d4 cxd4 4. Qxd4 a6 5. Be3 Nc6 6. Qd2 Nf6 7. Nc3 e6 8. O-O-O Be7 9. Bf4 e5 10. Bg5 Be6 11. Bxf6 gxf6 12. Nd5 b5 13. Kb1 Bxd5 $146 ({RR} 13... Rc8 14. Nh4 Nd4 15. c3 Bxd5 16. exd5 f5 17. cxd4 Bxh4 18. dxe5 dxe5 19. d6 O-O 20. g3 Bg5 21. f4 Bh6 22. d7 Rc6 23. Qd5 Re6 24. Bh3 exf4 25. Bxf5 Re2 26. Bxh7+ Kh8 27. Bd3 Re6 28. gxf4 {1-0 Virtanen,A-Lampen,T (2210) FIN-chT Finland 1995}) 14. Qxd5 Rc8 15. a3 Qc7 16. Bd3 Rg8 17. g3 Na5 18. Nh4 Qc5 19. f3 Nc4 20. Bxc4 Qxc4 21. Qxc4 Rxc4 22. Nf5 Kd7 23. Rd5 Rgc8 24. c3 R4c5 25. Rhd1 Rxd5 26. Rxd5 Rc5 27. Ne3 Ke6 28. g4 Bf8 29. Kc2 Bh6 30. Rxc5 dxc5 31. Nd5 Bf4 32. h3 c4 33. Nc7+ Kd7 34. Nxa6 Be3 35. Nb4 Ke6 36. Nd5 Bc5 37. Nc7+ Ke7 38. Nxb5 f5 39. exf5 Kf6 40. h4 Bf2 41. h5 Kg5 42. Kd1 Be3 43. Ke2 Bc1 44. a4 e4 45. a5 Kf4 46. fxe4 Be3 47. Nd4 Kxe4 48. a6 Bxd4 49. cxd4 1-0

[Event "Olympiad Women 2024"]
[Site "Budapest HUN"]
[Date "2024.09.15"]
[Round "5.41"]
[Board "1"]
[White "Morales Santos, Natasha"]
[Black "Gomez Barrera, Javiera Belen"]
[Result "1-0"]
[WhiteElo "1972"]
[BlackElo "2123"]
[PlyCount "109"]
[EventDate "2024.09.11"]
[WhiteTeam "Puerto Rico"]
[BlackTeam "Chile"]
[WhiteTeamCountry "PUR"]
[BlackTeamCountry "CHI"]

1. d4 Nf6 2. c4 e6 3. Nc3 d5 4. Nf3 c6 5. e3 Be7 6. b3 Bb4 7. Bd2 Qe7 8. Bd3 Nbd7 9. O-O O-O 10. Qc2 e5 11. dxe5 Nxe5 12. Nxe5 Qxe5 13. cxd5 cxd5 14. Ne2 Bd6 15. Ng3 h6 16. Bc3 Qe7 17. Qb2 Rd8 $146 ({RR} 17... Ne8 18. Rad1 Bxg3 19. hxg3 Be6 20. Qd2 Nd6 21. Bb1 Rac8 22. Qd4 f6 23. Bb4 Rfd8 24. Qxa7 Qf7 25. Qb6 Rd7 26. Rc1 Rcd8 27. Rfd1 Ne4 28. Bd3 Nd6 29. Rd2 Bf5 30. Bxf5 Nxf5 31. Rcd1 Ne7 32. Bxe7 {1-0 Richter,C (2435)-Hein,A (2247) Hamburg Junge op 2005 (7)}) 18. Rad1 Bb4 19. Bxf6 Qxf6 20. Qxf6 gxf6 21. Nh5 Rd6 22. Be2 Bf5 23. Rxd5 Bg6 24. Rxd6 Bxd6 25. Nxf6+ Kg7 26. Nh5+ Bxh5 27. Bxh5 Rc8 28. Rd1 Bb4 29. g3 Rc7 30. Rd4 a5 31. Kg2 Rc5 32. Bd1 Rf5 33. Rd7 b6 34. Be2 Kf8 35. Bc4 Bc5 36. a4 Rf6 37. Rd8+ Kg7 38. Rd5 Kf8 39. Re5 Bd6 40. Rd5 Bc5 41. h4 Kg7 42. g4 Kf8 43. g5 hxg5 44. hxg5 Rg6 45. Rf5 Rg7 46. Kg3 Ke7 47. Kg4 Kf8 48. e4 Bd4 49. f4 Ke7 50. e5 Rh7 51. Rf6 Rg7 52. Kf5 Rh7 53. Rh6 Rg7 54. Rh8 Kd7 55. Kf6 1-0

[Event "Olympiad Women 2024"]
[Site "Budapest HUN"]
[Date "2024.09.15"]
[Round "5.41"]
[Board "2"]
[White "Jorquera Cabello, Valentina"]
[Black "Rivera Negron, Yanira"]
[Result "1-0"]
[WhiteElo "1919"]
[BlackElo "1805"]
[PlyCount "113"]
[EventDate "2024.09.11"]
[WhiteTeam "Chile"]
[BlackTeam "Puerto Rico"]
[WhiteTeamCountry "CHI"]
[BlackTeamCountry "PUR"]

1. e4 e6 2. d4 d5 3. Bd3 c5 4. c3 dxe4 5. Bxe4 Nf6 6. Bf3 cxd4 7. cxd4 Bb4+ ({RR} 7... Be7 8. Ne2 O-O 9. O-O Nbd7 10. Nbc3 Bd6 11. Ng3 h6 12. Nge4 Nxe4 13. Nxe4 Bc7 14. Qb3 Rb8 15. Be3 Nf6 16. Nxf6+ Qxf6 17. d5 b6 18. Qa3 exd5 19. Qxa7 Be5 20. Bxd5 Bf5 21. Rac1 Bxh2+ 22. Kxh2 {0-1 Arjun,V (2394)-Kosic,D (2482) Budapest FS10 GM 2007 (5)}) 8. Nc3 O-O 9. Nge2 Nbd7 ({RR} 9... Nc6 10. O-O Ba5 11. Bg5 h6 12. Bh4 Bb6 13. Bxc6 bxc6 14. Ne4 g5 15. Nxf6+ Qxf6 16. Bg3 Ba6 17. Be5 Qd8 18. Qc2 Bxe2 19. Qxe2 f6 20. Bg3 Qd5 21. Qh5 Kg7 22. Rad1 Bxd4 23. Rfe1 e5 24. h4 {0-1 Zaichenko,D (2104)-Sadey,R (1775) Titled Tue 10th Sep Early 2024 (11)}) 10. Bf4 $146 ({RR} 10. O-O Nb6 11. Nf4 Nfd5 12. Ncxd5 exd5 13. Qb3 Bd6 14. Re1 Re8 15. Rxe8+ Qxe8 16. Bd2 Bxf4 17. Bxf4 Be6 18. Rc1 Rc8 19. Qd1 Rxc1 20. Qxc1 {½-½ Indrebo,K (1730)-Bryn,A (2036) Gibraltar Challengers-B 8th 2010 (5)}) 10... Nb6 11. O-O Nbd5 12. Bg5 Qa5 13. Bd2 Rb8 14. a3 Bxc3 15. Nxc3 Qb6 16. Nxd5 Nxd5 17. Bc3 Bd7 18. Qd2 Rfc8 19. Rfe1 Bc6 20. Ba5 Qa6 21. Be2 Bb5 22. Bd1 Qc6 23. Bb3 b6 24. Rac1 Qd7 25. Bc3 Qb7 26. Qg5 Bc4 27. Bc2 Qe7 28. Qxe7 Nxe7 29. Bb4 Nd5 30. Bd6 Ra8 31. Be4 Bb3 32. h3 g6 33. Be5 h5 34. Bf3 a5 35. h4 Rc4 36. Bxd5 exd5 37. Rc3 Ba4 38. Rce3 Bd7 39. Bf6 Be6 40. Rb3 Rb8 41. Rc3 Rbc8 42. Ree3 Kf8 43. Rb3 R4c6 44. Rb5 Kg8 45. Reb3 a4 46. Rc3 Rxc3 47. bxc3 Rc6 48. Be5 Kf8 49. Bb8 Ke7 50. Ba7 Rxc3 51. Bxb6 Rb3 52. Bc5+ Kf6 53. Ra5 Bd7 54. Bb4 Bc6 55. Ra6 Rb1+ 56. Kh2 Rc1 57. Bc5 1-0

[Event "Olympiad Women 2024"]
[Site "Budapest HUN"]
[Date "2024.09.15"]
[Round "5.41"]
[Board "3"]
[White "Vega Jimenez, Keyshla M."]
[Black "Morales Flores, Monserrat"]
[Result "0-1"]
[WhiteElo "1769"]
[BlackElo "1938"]
[PlyCount "114"]
[EventDate "2024.09.11"]
[WhiteTeam "Puerto Rico"]
[BlackTeam "Chile"]
[WhiteTeamCountry "PUR"]
[BlackTeamCountry "CHI"]

1. e4 c5 2. Nc3 e6 3. Nge2 a6 4. g3 Nc6 5. Bg2 Nf6 6. O-O d6 7. h3 Be7 8. d3 O-O 9. f4 d5 ({RR} 9... Nd7 10. f5 b5 11. Nf4 e5 12. Nh5 g6 13. Nd5 Bg5 14. fxg6 fxg6 15. Rxf8+ Nxf8 16. Bxg5 Qxg5 17. Nhf6+ Kh8 18. Qf3 Bb7 19. h4 Qh6 20. Nc7 Nd4 21. Qf2 Rd8 22. Nfe8 {1-0 Rublevsky,S (2679)-Grigoriants,S (2591) RUS-ch Higher League 60th 2007 (9)}) ({RR} 9... Qc7 10. g4 b5 11. Ng3 Nd7 12. g5 b4 13. Nce2 f6 14. gxf6 Nxf6 15. f5 e5 16. Kh2 Bb7 17. Ng1 d5 18. Nh5 dxe4 19. Nxf6+ Bxf6 20. Bxe4 Nd4 21. c3 bxc3 22. bxc3 Bxe4 23. dxe4 Nb5 24. a4 {½-½ Unal,B (1437)-Kaygisiz,I (1803) TUR-chT 2nd League 2022 (4.8)}) 10. e5 Nd7 11. a4 Rb8 12. Bd2 $146 ({RR} 12. Kh2 b5 13. axb5 axb5 14. d4 b4 15. Na4 cxd4 16. Nxd4 Nxd4 17. Qxd4 Qc7 18. Rf2 Nc5 19. Be3 Ra8 20. b3 Nxa4 21. bxa4 Bd7 22. f5 Rfc8 23. f6 Bc5 24. Qg4 g6 25. Qf4 Bxe3 26. Qxe3 Qc5 {½-½ Predebon,E-Frois,V (1949) Pan American Amateur-ch 2015 (7)}) 12... f6 13. f5 Ndxe5 14. fxe6 d4 15. Nd5 Bxe6 16. Nef4 Bf7 17. Nxe7+ Nxe7 18. a5 Nd5 19. Qe2 Re8 20. Qf2 Nxf4 21. Bxf4 Qd7 22. Kh2 c4 23. dxc4 Bxc4 24. Rfd1 Rbd8 25. b3 Bb5 26. Rd2 g5 27. Bxe5 fxe5 28. Qf6 Qe7 29. Qb6 Rd7 30. Be4 Qd8 31. Qh6 Qe7 32. Rf2 Qg7 33. Qh5 Rf8 34. Rd2 Bc6 35. Qe2 Bxe4 36. Qxe4 Rdf7 37. Kg2 Qf6 38. Re1 Re7 39. Rde2 Kg7 40. Qd5 Rfe8 41. Kg1 h6 42. Qe4 Qc6 43. Qd3 Qc5 44. Re4 Qxa5 45. h4 Rc7 46. hxg5 hxg5 47. Qe2 Qb6 48. Kg2 Qg6 49. Rc1 Rc3 50. Qe1 Qc6 51. Kg1 Rxg3+ 52. Qxg3 Qxe4 53. Qxg5+ Qg6 54. Qxg6+ Kxg6 55. Rf1 Rc8 56. Rf2 Rc3 57. Kf1 d3 0-1

[Event "Olympiad Women 2024"]
[Site "Budapest HUN"]
[Date "2024.09.15"]
[Round "5.42"]
[Board "1"]
[White "Widjayanti, Lindri Juni"]
[Black "Sawan, Eman"]
[Result "0-1"]
[WhiteElo "2155"]
[BlackElo "1972"]
[PlyCount "102"]
[EventDate "2024.09.11"]
[WhiteTeam "Indonesia"]
[BlackTeam "Palestine"]
[WhiteTeamCountry "INA"]
[BlackTeamCountry "PLE"]

1. e4 c5 2. Nf3 d6 3. d4 cxd4 4. Nxd4 Nf6 5. Nc3 a6 6. Bg5 Nbd7 7. f4 Qc7 8. Be2 ({RR} 8. Qe2 e5 9. Nf5 h6 10. Bxf6 Nxf6 11. Ne3 exf4 12. Ned5 Nxd5 13. Nxd5 Qa5+ 14. Qd2 Qxd2+ 15. Kxd2 Rb8 16. Nxf4 Be7 17. Bc4 Bg5 18. Raf1 Be6 19. Bxe6 fxe6 20. Kd3 Bxf4 21. Rxf4 Rf8 22. Rxf8+ Kxf8 {½-½ Radjabov,T (2756)-Ivanchuk,V (2746) Bazna Kings 3rd 2009 (10)}) 8... e6 9. f5 $146 ({RR} 9. O-O Be7 10. Kh1 O-O 11. a4 Nc5 12. Bf3 Bd7 13. Qe1 e5 14. Nf5 Bxf5 15. exf5 Rac8 16. Rd1 Ncd7 17. Bd5 Nb6 18. Bb3 Nh5 19. Bxe7 Qxe7 20. Rd3 Nf6 21. Qh4 e4 22. Re1 Rxc3 23. Rxc3 d5 {1-0 Zalba Esteban,P (1975)-Garrido Lluy,J (1808) Mallorca-chB 2011 (1)}) ({RR} 9. Bf3 Be7 10. O-O h6 11. Bh4 Nxe4 12. Bxe4 Bxh4 13. Nxe6 fxe6 14. Qh5+ Kd8 15. Qxh4+ Nf6 16. Rad1 Qc5+ 17. Kh1 Kc7 18. Qg3 Rg8 19. b4 Qxb4 20. f5 Qc5 21. Rfe1 Rb8 22. fxe6 {1-0 Unlu,A (1779)-Kocakose,O (1410) TCh-TUR 2nd League 2023 (2.66)}) ({RR} 9. Bh5 Nxh5 10. Qxh5 Nf6 11. Bxf6 gxf6 12. O-O-O Qc5 13. e5 f5 14. Rhe1 Bg7 15. Nxf5 {1-0 Tolush,A-Gurgenidze,B URS-ch24 Quarterfinal 1956}) 9... e5 10. Nb3 Be7 11. g4 h6 12. Be3 b5 13. a3 Bb7 14. Bf3 Rc8 15. Qe2 Nb6 16. Bxb6 Qxb6 17. Qf2 Qxf2+ 18. Kxf2 Rxc3 19. bxc3 Nxe4+ 20. Kg2 Bh4 21. a4 O-O 22. axb5 axb5 23. Ra7 Bd5 24. Rd1 Bc6 25. Ra6 Bb7 26. Rb6 Ba8 27. Ra1 d5 28. Rxb5 Nxc3 29. Rba5 Bb7 30. Nc5 Bc6 31. R1a3 Nb5 32. Rb3 Nd4 33. Rb6 Bd8 34. Rxc6 Nxc6 35. Ra8 e4 36. Bd1 e3 37. Bf3 Re8 38. Nd3 e2 39. Bxd5 Nb4 40. Bf3 Nxd3 41. Bxe2 Nf4+ 42. Kf3 Nxe2 43. Rc8 Nd4+ 44. Kg2 Kf8 45. c3 Ne2 46. Rc6 Bf6 47. c4 Nd4 48. Rc5 Re2+ 49. Kg1 Nf3+ 50. Kf1 Rxh2 51. Rd5 Bh4 0-1

[Event "Olympiad Women 2024"]
[Site "Budapest HUN"]
[Date "2024.09.15"]
[Round "5.42"]
[Board "2"]
[White "Hamouri, Taqwa"]
[Black "Nugroho, Angel Ruth"]
[Result "0-1"]
[WhiteElo "1845"]
[BlackElo "1939"]
[PlyCount "86"]
[EventDate "2024.09.11"]
[WhiteTeam "Palestine"]
[BlackTeam "Indonesia"]
[WhiteTeamCountry "PLE"]
[BlackTeamCountry "INA"]

1. e4 c6 2. Nf3 d5 3. Nc3 Bg4 4. h3 Bxf3 5. Qxf3 Nf6 6. d3 e6 7. g3 Bb4 8. Bd2 d4 9. Nb1 Qb6 10. b3 Bxd2+ 11. Nxd2 Qc5 12. Qd1 a5 13. a3 Na6 $146 ({RR} 13... Nbd7 14. Bg2 O-O 15. O-O a4 16. b4 Qe7 17. f4 Nb6 18. g4 c5 19. bxc5 Qxc5 20. g5 Nfd7 21. Rf2 Rac8 22. Nf1 Qe7 23. h4 Rc3 24. Ng3 Rfc8 25. f5 Qd6 26. Nh5 e5 27. Bh3 R8c6 28. f6 {0-1 Arancibia Guzman,E (2340)-Yanez,W Olympiad-32 Yerevan 1996 (10.4)}) ({RR} 13... h5 14. h4 Nbd7 15. Bg2 Ng4 16. O-O g5 17. b4 Qe7 18. Nf3 gxh4 19. Nxh4 Nde5 20. Qd2 Rg8 21. Qf4 f6 22. bxa5 Rxa5 23. Rfb1 b5 24. Nf3 Ra4 25. Bh3 Nxf3+ 26. Qxf3 Kd7 27. Kg2 Qg7 28. Rb4 {1-0 Fischer,R-Benko,P Candidates Tournament 1959 (24)}) 14. Bg2 Nc7 15. f4 a4 16. b4 Qe7 17. O-O h5 18. Qe2 Nb5 19. Qf2 Qc7 20. Nc4 Nd7 21. g4 hxg4 22. hxg4 O-O-O 23. e5 f6 24. Rae1 Rde8 25. Re4 fxe5 26. Nxe5 Rhf8 27. Nxd7 Qxd7 28. g5 e5 29. Qf3 Kb8 30. Bh3 Qd8 31. Qg3 exf4 32. Rexf4 Rxf4 33. Rxf4 Ka7 34. Qf2 Qxg5+ 35. Bg2 Re3 36. Re4 Rxe4 37. dxe4 Qc1+ 38. Kh2 Qxa3 39. e5 Qe3 40. Qf5 g5 41. Kh1 a3 42. e6 a2 43. Qf1 Qc3 0-1

[Event "Olympiad Women 2024"]
[Site "Budapest HUN"]
[Date "2024.09.15"]
[Round "5.42"]
[Board "3"]
[White "Yuliana, Evi"]
[Black "Faqeeh, Yara"]
[Result "1-0"]
[WhiteElo "1912"]
[BlackElo "1671"]
[PlyCount "57"]
[EventDate "2024.09.11"]
[WhiteTeam "Indonesia"]
[BlackTeam "Palestine"]
[WhiteTeamCountry "INA"]
[BlackTeamCountry "PLE"]

1. d4 Nf6 2. c4 g6 3. Nc3 Bg7 4. e4 d6 5. Nf3 Nbd7 6. e5 Ng4 7. h3 Nh6 8. Bf4 $146 ({RR} 8. g4 Ng8 9. Qe2 b6 10. Bf4 Bb7 11. O-O-O dxe5 12. dxe5 e6 13. Bg2 Ne7 14. Rd2 Qc8 15. Rhd1 Bc6 16. b4 a6 17. Bg5 h6 18. Bxe7 Kxe7 19. b5 axb5 20. cxb5 Bd5 21. Nxd5+ exd5 22. Rxd5 Nc5 {1-0 So,W (2771)-Nakamura,H (2768) CGC KO 2022 chess.com INT (5.8)}) 8... b6 9. Bd3 Bb7 10. Be4 Bxe4 11. Nxe4 Nb8 12. Qd2 Ng8 13. O-O-O d5 14. cxd5 Qxd5 15. Nc3 Qd7 16. Rhe1 e6 17. d5 Na6 18. Qe2 Nc5 19. dxe6 Qxe6 20. Nd4 Qd7 21. e6 Nxe6 22. Nxe6 Qxe6 23. Qb5+ Ke7 24. Qd7+ Kf6 25. Rxe6+ fxe6 26. Ne4+ Kf5 27. g4+ Kxf4 28. Qd2+ Ke5 29. Qg5+ 1-0

[Event "Olympiad Women 2024"]
[Site "Budapest HUN"]
[Date "2024.09.15"]
[Round "5.42"]
[Board "4"]
[White "Natsheh, Wajd"]
[Black "Adeline, Clementia"]
[Result "0-1"]
[WhiteElo "1739"]
[BlackElo "1550"]
[PlyCount "126"]
[EventDate "2024.09.11"]
[WhiteTeam "Palestine"]
[BlackTeam "Indonesia"]
[WhiteTeamCountry "PLE"]
[BlackTeamCountry "INA"]

1. d4 d5 2. Nc3 Nf6 3. Bg5 Nbd7 4. e4 dxe4 5. f3 exf3 ({RR} 5... e3 6. Bxe3 e6 7. Bd3 c5 8. Nge2 cxd4 9. Nxd4 a6 10. O-O Bc5 11. Qe2 O-O 12. Rad1 Qc7 13. Kh1 Ne5 14. Ne4 Nxd3 15. Qxd3 Nxe4 16. Qxe4 Bd7 17. c3 Rad8 18. Bg5 Rde8 19. Bf4 Qc8 20. Nb3 {0-1 Moiseenko,V (2526)-Gutenev,A (2469) Wch Blitz Moscow 2019 (21)}) 6. Qxf3 e6 7. Bc4 $146 ({RR} 7. O-O-O c6 8. Bd3 Be7 9. Nge2 Nd5 10. Bd2 N7f6 11. h4 Nxc3 12. Nxc3 Qxd4 13. Be2 Qb6 14. Qg3 Bd7 15. Na4 Qd4 16. Nc3 Qb6 17. Rhf1 Rg8 18. Na4 Qd4 19. Qb3 b5 20. Nc3 Qb4 21. Bf3 Qxb3 {0-1 Hadzala,D (2099)-Havelka,P (1957) Ricany op-A 2008 (9)}) ({RR} 7. O-O-O c6 8. Bc4 Be7 9. Nge2 O-O 10. Rhf1 Nd5 11. Bxe7 Qxe7 12. Rde1 Qg5+ 13. Kb1 Ne3 14. Bd3 Nxf1 15. Rxf1 Nf6 16. Nf4 Bd7 17. h4 Qa5 18. g4 e5 19. dxe5 Bxg4 20. Qg3 Qxe5 21. Re1 Qd6 {0-1 Varriale,L (2175)-Ambrogi,A (2190) Titled Tue 28th May Late 2024 (4)}) ({RR} 7. O-O-O Be7 8. Bd3 c6 9. Nh3 h6 10. Bd2 Nb6 11. Qg3 g5 12. Nf2 Nbd5 13. Nfe4 Nh5 14. Qf3 Nhf4 15. Bc4 b5 16. Bb3 a5 17. a4 Ba6 18. g3 Nxc3 19. Nxc3 Nd5 20. axb5 Bxb5 21. Nxb5 cxb5 {0-1 Philippe,G (2210)-Ostermeyer,P (2470) Mitropa Cup-09 1984 (6)}) 7... Nb6 8. Qd3 Nxc4 9. Qxc4 Be7 10. Nf3 c6 11. O-O O-O 12. Rad1 Nd5 13. Bd2 Nxc3 14. Bxc3 Qd5 15. Qe2 b5 16. b3 b4 17. Bb2 a5 18. Qf2 f6 19. Qh4 a4 20. Ne5 Ra7 21. Nd3 Ba6 22. Qf2 axb3 23. axb3 Bxd3 24. Rxd3 Ra2 25. Bc1 c5 26. Rh3 Qxd4 27. Be3 Qe4 28. Rc1 Qf5 29. Qe2 Rfa8 30. Rf3 Qe5 31. Rff1 Ra1 32. Qd3 Rxc1 33. Rxc1 Rd8 34. Qe2 Rd4 35. Qf3 Re4 36. Bf2 Qf4 37. Qd1 Re5 38. c4 Rf5 39. Rc2 Kf7 40. Re2 h5 41. Be3 Qe5 42. Bf2 Qf4 43. Be3 Qg4 44. h3 Qg3 45. Bf2 Qd6 46. Rd2 Qf4 47. Re2 Bd6 48. g3 Qf3 49. Qe1 Re5 50. Re3 Rxe3 51. Qxe3 Qxe3 52. Bxe3 f5 53. Kg2 e5 54. h4 f4 55. Bf2 Ke6 56. gxf4 e4 57. Be3 Kf5 58. Kg3 g6 59. Bd2 e3 60. Bxe3 Ke4 61. Bc1 Kd3 62. Bb2 Kc2 63. Be5 Be7 0-1

[Event "Olympiad Women 2024"]
[Site "Budapest HUN"]
[Date "2024.09.15"]
[Round "5.43"]
[Board "1"]
[White "Park, Sunwoo"]
[Black "Tan, Li Ting"]
[Result "0-1"]
[WhiteElo "1877"]
[BlackElo "2037"]
[PlyCount "70"]
[EventDate "2024.09.11"]
[WhiteTeam "South Korea"]
[BlackTeam "Malaysia"]
[BlackTeamCountry "MAS"]

1. e4 e5 2. Nf3 Nc6 3. Bc4 Bc5 4. c3 Nf6 5. d3 d6 6. Bb3 h6 7. Nbd2 a6 8. h3 Ba7 9. O-O O-O 10. Re1 Be6 11. Bc2 Re8 12. Nf1 d5 13. exd5 Nxd5 14. Ng3 Qd6 15. Be3 $146 ({RR} 15. Nh4 Qe7 16. Nhf5 Qf6 17. Qf3 Kh8 18. h4 Nde7 19. Nxe7 Qxf3 20. Ng6+ fxg6 21. gxf3 Bd5 22. Ne4 Ne7 23. Kg2 Nf5 24. Rh1 Rf8 25. Bd2 Bb6 26. Rae1 c6 27. Rh3 Bd8 28. Reh1 Be7 29. a3 Be6 {0-1 Erdogdu,M (2415)-Schroeder,J (2539) Barcelona Sants op 19th 2017 (10)}) ({RR} 15. Nh4 Qd7 16. Qf3 Qe7 17. Nhf5 Qf8 18. Bb3 Rad8 19. Nh5 Bxf5 20. Qxf5 Nde7 21. Qf3 Ng6 22. Re4 Na5 23. Bc2 f5 24. Re1 Kh8 25. Ng3 Nh4 26. Qh5 Qf6 27. d4 e4 28. Bf4 Bb6 29. Qe2 Nc6 {½-½ Giri,A (2778)-So,W (2767) Grand Slam Final 8th playoff blitz 2015 (2)}) ({RR} 15. Nh4 Rad8 16. Nhf5 Bxf5 17. Nxf5 Qf6 18. Qf3 Nce7 19. Nxe7+ Rxe7 20. Qxf6 Nxf6 21. Re2 Nd5 22. Bd2 Rde8 23. Rae1 Re6 24. g3 c6 25. Kg2 h5 26. h4 g6 27. d4 Bb8 28. dxe5 Rxe5 29. Rxe5 Rxe5 {1-0 Timoshin,M (2327)-Lebedev,A (2024) 20th Moscow Open A 2024 (9.22)}) ({RR} 15. d4 exd4 16. Qd3 Nf6 17. Ne4 Nxe4 18. Rxe4 dxc3 19. Rxe6 Qxe6 20. Qh7+ Kf8 21. bxc3 Bc5 22. Bd2 Ne7 23. Qh8+ Ng8 24. Bh7 f6 25. Bc2 Qe2 26. Bb3 Bxf2+ 27. Kh1 Re6 28. Nd4 Bxd4 29. cxd4 c5 {1-0 Gator,M (2133)-Ben Ammar,M (2173) Monastir zt 4.1 2022 (7)}) 15... Nxe3 16. fxe3 f5 17. Bb3 f4 18. Nf5 Qf8 19. N3h4 Kh7 20. Qg4 g5 21. Bxe6 Rxe6 22. Nd4 Rf6 23. Nxc6 bxc6 24. Nf3 Bxe3+ 25. Kh1 Qe7 26. Qh5 Rg6 27. Nh2 e4 28. dxe4 Qxe4 29. Rad1 Re8 30. Ng4 Kg7 31. Rd7+ Re7 32. Red1 Bc5 33. Nxh6 Rxh6 34. Qg4 Rg6 35. Rd8 Qe1+ 0-1